{"text_format":"1","workbook":"xlsx","n_sheets":2,"sheets":["Данные","Лист1"],"not_rendered":{"charts":0,"images":0,"macros":1,"external_links":0,"defined_names":4,"comments":0,"pivot_tables":0},"unopened":[],"bounds":{"document_bytes":16777216,"sheet_cells":100000,"rows_first":2000,"rows_last":500,"rows_between":2000,"halvings":0,"cell_chars":16384,"cell_head_chars":4096},"cells_cut":0,"cells_raw":0,"read":"whole","date_system":"1900"}

{"sheet":"Данные","index":0,"n_rows":54,"n_cols":10,"rows_kept":54,"cut":false,"hidden":false,"merged":[[1,0,1,9]]}
[null,null,null,null,null,null,null,null,"Приложение №1"]
["Перечень актуальных и готовых к реализации невостребованных МТР"]
[]
["Наименование лота","Наименование ОГ","№ лота","№ позиции","Наименование неликвидных (НЛ) и невостребованных ликвидных (НВЛ) материалов","Ед. изм","Количество","Мин. цена реализации за ед., руб., без НДС ","Сумма, руб. без НДС","Место нахождения"]
["Химреагенты, катализаторы","ПАО АНК \"Башнефть\" \"Башнефть-Новойл\"",1,1,"Аргон газ. высокой чистоты (40л)","ШТ",3,2730,{"$f":"G5*H5","v":8190},"450045, г. Уфа, ПАО АНК \"Башнефть\" \"Башнефть-Новойл\""]
["Химреагенты, катализаторы","ПАО АНК \"Башнефть\" \"Башнефть-Новойл\"",1,2,"Катализатор ACT-961","Т",0.7,603654.01,422557.80699999997,"450045, г. Уфа, ПАО АНК \"Башнефть\" \"Башнефть-Новойл\""]
["Химреагенты, катализаторы","ПАО АНК \"Башнефть\" \"Башнефть-Новойл\"",1,3,"Катализатор РК-012","Т",1,295510.15000000002,295510.15000000002,"450045, г. Уфа, ПАО АНК \"Башнефть\" \"Башнефть-Новойл\""]
["Химреагенты, катализаторы","ПАО АНК \"Башнефть\" \"Башнефть-Новойл\"",1,4,"Контакт защитного слоя ТК-200","КГ",345,355.48,122640.6,"450045, г. Уфа, ПАО АНК \"Башнефть\" \"Башнефть-Новойл\""]
["Химреагенты, катализаторы","ПАО АНК \"Башнефть\" \"Башнефть-Новойл\"",1,5,"Катализатор HH-208 Haihua","КГ",100000,259.42,25942000,"450045, г. Уфа, ПАО АНК \"Башнефть\" \"Башнефть-Новойл\""]
["Химреагенты, катализаторы","ПАО АНК \"Башнефть\" \"Башнефть-Новойл\"",1,6,"Катализатор ReforMax 210 LDP (G-91 LDP)","КГ",2400,872.2,2093280,"450045, г. Уфа, ПАО АНК \"Башнефть\" \"Башнефть-Новойл\""]
["Химреагенты, катализаторы","ПАО АНК \"Башнефть\" \"Башнефть-Новойл\"",1,7,"Катализатор ShiftMax 300 Tab 5х3","КГ",337,385.36,129866.32,"450045, г. Уфа, ПАО АНК \"Башнефть\" \"Башнефть-Новойл\""]
["Химреагенты, катализаторы","ПАО АНК \"Башнефть\" \"Башнефть-Новойл\"",1,8,"Катализатор ShiftMax 300 Tab 5х3","КГ",1792,385.36,690565.12,"450045, г. Уфа, ПАО АНК \"Башнефть\" \"Башнефть-Новойл\""]
["Химреагенты, катализаторы","ПАО АНК \"Башнефть\" \"Башнефть-Новойл\"",1,9,"Нейтрализатор Asulpher марки 6504","Т",2,13001.06,26002.12,"450045, г. Уфа, ПАО АНК \"Башнефть\" \"Башнефть-Новойл\""]
["Химреагенты, катализаторы","ПАО АНК \"Башнефть\" \"Башнефть-Новойл\"",1,10,"Цеолит NaX фр.2.9мм","Т",2.52,71400,179928,"450045, г. Уфа, ПАО АНК \"Башнефть\" \"Башнефть-Новойл\""]
["Химреагенты, катализаторы","ПАО АНК \"Башнефть\" \"Башнефть-Новойл\"",1,11,"Цеолит NaX, фракция 3,5мм","КГ",100,71.400000000000006,7140.0000000000009,"450045, г. Уфа, ПАО АНК \"Башнефть\" \"Башнефть-Новойл\""]
["Химреагенты, катализаторы","ПАО АНК \"Башнефть\" \"Башнефть-Новойл\"",1,12,"Канифоль сосновая марки А","КГ",100,161.28,16128,"450045, г. Уфа, ПАО АНК \"Башнефть\" \"Башнефть-Новойл\""]
["Химреагенты, катализаторы","ПАО АНК \"Башнефть\" \"Башнефть-Новойл\"",1,13,"Цеолит NaX, фракция 3,5мм","КГ",100,71.400000000000006,7140.0000000000009,"450045, г. Уфа, ПАО АНК \"Башнефть\" \"Башнефть-Новойл\""]
["Химреагенты, катализаторы","ПАО АНК \"Башнефть\" \"Башнефть-Новойл\"",1,14,"Цеолит NaX, фракция 3,5мм","КГ",900,71.400000000000006,64260.000000000007,"450045, г. Уфа, ПАО АНК \"Башнефть\" \"Башнефть-Новойл\""]
["Химреагенты, катализаторы","ПАО АНК \"Башнефть\" \"Башнефть-Новойл\"",1,15,"Цеолит синтетический NaX-3,0","Т",1.74,71400,124236,"450045, г. Уфа, ПАО АНК \"Башнефть\" \"Башнефть-Новойл\""]
["Шары керамические","ПАО АНК \"Башнефть\" \"Башнефть-Новойл\"",2,16,"Шары керамические (13 мм)","КГ",225,28.04,6309,"450045, г. Уфа, ПАО АНК \"Башнефть\" \"Башнефть-Новойл\""]
["Шары керамические","ПАО АНК \"Башнефть\" \"Башнефть-Новойл\"",2,17,"Шары керамические (13 мм)","КГ",1500,28.04,42060,"450045, г. Уфа, ПАО АНК \"Башнефть\" \"Башнефть-Новойл\""]
["Шары керамические","ПАО АНК \"Башнефть\" \"Башнефть-Новойл\"",2,18,"Шары керамические (13 мм)","КГ",1100,28.04,30844,"450045, г. Уфа, ПАО АНК \"Башнефть\" \"Башнефть-Новойл\""]
["Шары керамические","ПАО АНК \"Башнефть\" \"Башнефть-Новойл\"",2,19,"Шары керамические (13 мм)","КГ",4900,28.04,137396,"450045, г. Уфа, ПАО АНК \"Башнефть\" \"Башнефть-Новойл\""]
["Шары керамические","ПАО АНК \"Башнефть\" \"Башнефть-Новойл\"",2,20,"Шары керамические (13 мм)","КГ",7370,28.04,206654.8,"450045, г. Уфа, ПАО АНК \"Башнефть\" \"Башнефть-Новойл\""]
["Шары керамические","ПАО АНК \"Башнефть\" \"Башнефть-Новойл\"",2,21,"Шары керамические (13 мм)","КГ",6700,28.04,187868,"450045, г. Уфа, ПАО АНК \"Башнефть\" \"Башнефть-Новойл\""]
["Шары керамические","ПАО АНК \"Башнефть\" \"Башнефть-Новойл\"",2,22,"Шары керамические (13 мм)","КГ",10575,28.04,296523,"450045, г. Уфа, ПАО АНК \"Башнефть\" \"Башнефть-Новойл\""]
["Шары керамические","ПАО АНК \"Башнефть\" \"Башнефть-Новойл\"",2,23,"Шары керамические (13 мм)","КГ",4000,28.04,112160,"450045, г. Уфа, ПАО АНК \"Башнефть\" \"Башнефть-Новойл\""]
["Шары керамические","ПАО АНК \"Башнефть\" \"Башнефть-Новойл\"",2,24,"Шары керамические (13 мм)","КГ",4500,28.04,126180,"450045, г. Уфа, ПАО АНК \"Башнефть\" \"Башнефть-Новойл\""]
["Шары керамические","ПАО АНК \"Башнефть\" \"Башнефть-Новойл\"",2,25,"Шар фарфоровый Katalco 92-1F","КГ",290,167.77,{"$f":"G29*H29","v":48653.3},"450045, г. Уфа, ПАО АНК \"Башнефть\" \"Башнефть-Новойл\""]
["Шары керамические","ПАО АНК \"Башнефть\" \"Башнефть-Новойл\"",2,26,"Шары керамические (13 мм)","КГ",605,28.04,16964.2,"450045, г. Уфа, ПАО АНК \"Башнефть\" \"Башнефть-Новойл\""]
["Шары керамические","ПАО АНК \"Башнефть\" \"Башнефть-Новойл\"",2,27,"Шары керамические (13 мм)","КГ",1420,27.01,38354.200000000004,"450045, г. Уфа, ПАО АНК \"Башнефть\" \"Башнефть-Новойл\""]
["Шары керамические","ПАО АНК \"Башнефть\" \"Башнефть-Новойл\"",2,28,"Шары керамические (13 мм)","КГ",4000,28.04,112160,"450045, г. Уфа, ПАО АНК \"Башнефть\" \"Башнефть-Новойл\""]
["Шары керамические","ПАО АНК \"Башнефть\" \"Башнефть-Новойл\"",2,29,"Шары керамические (13 мм)","КГ",4000,28.04,112160,"450045, г. Уфа, ПАО АНК \"Башнефть\" \"Башнефть-Новойл\""]
["Шары керамические","ПАО АНК \"Башнефть\" \"Башнефть-Новойл\"",2,30,"Шары керамические (13 мм)","КГ",750,28.04,21030,"450045, г. Уфа, ПАО АНК \"Башнефть\" \"Башнефть-Новойл\""]
["Шары керамические","ПАО АНК \"Башнефть\" \"Башнефть-Новойл\"",2,31,"Шары керамические (13 мм)","КГ",1500,28.04,42060,"450045, г. Уфа, ПАО АНК \"Башнефть\" \"Башнефть-Новойл\""]
["Шары керамические","ПАО АНК \"Башнефть\" \"Башнефть-Новойл\"",2,32,"Шары керамические (13 мм)","КГ",1500,28.04,42060,"450045, г. Уфа, ПАО АНК \"Башнефть\" \"Башнефть-Новойл\""]
["Шары керамические","ПАО АНК \"Башнефть\" \"Башнефть-Новойл\"",2,33,"Шары керамические (13 мм)","КГ",9300,28.04,260772,"450045, г. Уфа, ПАО АНК \"Башнефть\" \"Башнефть-Новойл\""]
["Шары керамические","ПАО АНК \"Башнефть\" \"Башнефть-Новойл\"",2,34,"Шары керамические (13 мм)","КГ",9300,28.04,260772,"450045, г. Уфа, ПАО АНК \"Башнефть\" \"Башнефть-Новойл\""]
["Шары керамические","ПАО АНК \"Башнефть\" \"Башнефть-Новойл\"",2,35,"Шары керамические (13 мм)","КГ",100,28.04,2804,"450045, г. Уфа, ПАО АНК \"Башнефть\" \"Башнефть-Новойл\""]
["Шары керамические","ПАО АНК \"Башнефть\" \"Башнефть-Новойл\"",2,36,"Шары керамические (13 мм)","КГ",4900,28.04,137396,"450045, г. Уфа, ПАО АНК \"Башнефть\" \"Башнефть-Новойл\""]
["Шары керамические","ПАО АНК \"Башнефть\" \"Башнефть-Новойл\"",2,37,"Шары керамические (25 мм)","КГ",170,28.04,4766.8,"450045, г. Уфа, ПАО АНК \"Башнефть\" \"Башнефть-Новойл\""]
["Шары керамические","ПАО АНК \"Башнефть\" \"Башнефть-Новойл\"",2,38,"Шары керамические (25 мм)","КГ",4000,28.04,112160,"450045, г. Уфа, ПАО АНК \"Башнефть\" \"Башнефть-Новойл\""]
["Шары керамические","ПАО АНК \"Башнефть\" \"Башнефть-Новойл\"",2,39,"Шары керамические 12мм","КГ",3315,30.15,99947.25,"450045, г. Уфа, ПАО АНК \"Башнефть\" \"Башнефть-Новойл\""]
["Шары керамические","ПАО АНК \"Башнефть\" \"Башнефть-Новойл\"",2,40,"Шары керамические 12мм","КГ",4000,30.15,120600,"450045, г. Уфа, ПАО АНК \"Башнефть\" \"Башнефть-Новойл\""]
["Шары керамические","ПАО АНК \"Башнефть\" \"Башнефть-Новойл\"",2,41,"Шары керамические 12мм","КГ",4900,30.15,147735,"450045, г. Уфа, ПАО АНК \"Башнефть\" \"Башнефть-Новойл\""]
["Шары керамические","ПАО АНК \"Башнефть\" \"Башнефть-Новойл\"",2,42,"Шары керамические 12мм","КГ",4000,30.15,120600,"450045, г. Уфа, ПАО АНК \"Башнефть\" \"Башнефть-Новойл\""]
["Шары керамические","ПАО АНК \"Башнефть\" \"Башнефть-Новойл\"",2,43,"Шары керамические 12мм","КГ",4000,30.15,120600,"450045, г. Уфа, ПАО АНК \"Башнефть\" \"Башнефть-Новойл\""]
["Шары керамические","ПАО АНК \"Башнефть\" \"Башнефть-Новойл\"",2,44,"Шары керамические 12мм","КГ",2540,30.15,76581,"450045, г. Уфа, ПАО АНК \"Башнефть\" \"Башнефть-Новойл\""]
["Шары керамические","ПАО АНК \"Башнефть\" \"Башнефть-Новойл\"",2,45,"Шары керамические 12мм","КГ",1130,30.15,34069.5,"450045, г. Уфа, ПАО АНК \"Башнефть\" \"Башнефть-Новойл\""]
["Шары керамические","ПАО АНК \"Башнефть\" \"Башнефть-Новойл\"",2,46,"Шары керамические (25 мм)","КГ",450,28.04,12618,"450045, г. Уфа, ПАО АНК \"Башнефть\" \"Башнефть-Новойл\""]
["Шары керамические","ПАО АНК \"Башнефть\" \"Башнефть-Новойл\"",2,47,"Шары керамические 12мм","КГ",610,30.15,18391.5,"450045, г. Уфа, ПАО АНК \"Башнефть\" \"Башнефть-Новойл\""]
["Шары керамические","ПАО АНК \"Башнефть\" \"Башнефть-Новойл\"",2,48,"Шары керамические 12мм","КГ",11600,30.15,349740,"450045, г. Уфа, ПАО АНК \"Башнефть\" \"Башнефть-Новойл\""]
["Шары керамические","ПАО АНК \"Башнефть\" \"Башнефть-Новойл\"",2,49,"Шары керамические 12мм","КГ",7405,30.15,223260.75,"450045, г. Уфа, ПАО АНК \"Башнефть\" \"Башнефть-Новойл\""]
["Шары керамические","ПАО АНК \"Башнефть\" \"Башнефть-Новойл\"",2,50,"Шары керамические 12мм","КГ",1500,30.15,{"$f":"G54*H54","v":45225},"450045, г. Уфа, ПАО АНК \"Башнефть\" \"Башнефть-Новойл\""]

{"sheet":"Лист1","index":1,"n_rows":0,"n_cols":0,"rows_kept":0,"cut":false,"hidden":false,"merged":[]}